000 00583nam a2200181 a 4500
003 PILC
005 20150112093433.0
008 100723s19uu xx 00 eng d
020 _a0809251000
050 _aPE 1429
_b.W956 1986
082 _aLrSF 808.042
_bT28 1986
100 _aFrechette, Ellen Carley, editor
_914010
245 _aThe write stuff :
_btest and essay writing /
260 _aLincolnwood, Illinois :
_bComtemporary Books, NTC Publishing Group,
_c1986.
300 _a89 pages :
_bcolored illustration ;
_c28 cm.
650 _aWriting skills
_914011
942 _2lcc
_cBK
999 _c14471
_d14471